UM Logo

Capability of barangay officials on the local budgeting process / (Record no. 22237)

MARC details
000 -LEADER
fixed length control field 00738nam a22001937a 4500
003 - CONTROL NUMBER IDENTIFIER
control field OSt
005 - DATE AND TIME OF LATEST TRANSACTION
control field 20250211161349.0
008 - FIXED-LENGTH DATA ELEMENTS--GENERAL INFORMATION
fixed length control field 241004b |||||||| |||| 00| 0 eng d
040 ## - CATALOGING SOURCE
Transcribing agency 0
100 ## - MAIN ENTRY--PERSONAL NAME
Personal name Fuentes, Kent M.
Relator term author.
9 (RLIN) 62300
245 ## - TITLE STATEMENT
Title Capability of barangay officials on the local budgeting process /
Statement of responsibility, etc. Kent M. Fuentes, Liza Mae M. Maon, and Viola P. Buenaventura.
260 ## - PUBLICATION, DISTRIBUTION, ETC. (IMPRINT)
Place of publication, distribution, etc. Philippines ;
Name of publisher, distributor, etc. University of Mindanao,
Date of publication, distribution, etc. 2022.
300 ## - PHYSICAL DESCRIPTION
Extent volume 14, pages 111-135,
Other physical details illustration.
500 ## - GENERAL NOTE
General note Research Journal, v. 13, iss. 1, pages 111-135, 2022.
700 ## - ADDED ENTRY--PERSONAL NAME
Personal name Fuentes, Kent M.
Relator term author.
9 (RLIN) 62300
700 ## - ADDED ENTRY--PERSONAL NAME
Personal name Maon, Liza Mae M.
Relator term author.
9 (RLIN) 65034
700 ## - ADDED ENTRY--PERSONAL NAME
Personal name Buenaventura, Viola P.
Relator term author.
9 (RLIN) 65035
942 ## - ADDED ENTRY ELEMENTS (KOHA)
Source of classification or shelving scheme Dewey Decimal Classification
Koha item type Periodicals
Holdings
Withdrawn status Lost status Source of classification or shelving scheme Damaged status Not for loan Collection code Home library Current library Date acquired Total Checkouts Date last seen Price effective from Koha item type Public note
    Dewey Decimal Classification     Periodicals UM Digos College - LIC UM Digos College - LIC 10/04/2024   10/04/2024 10/04/2024 Periodicals Periodical Article